University Home | Library Home | Institutional Repository

The common law in India. (Record no. 187945)

MARC details
000 -LEADER
fixed length control field 00650cam1a220020500 4500
001 - CONTROL NUMBER
control field tmp15471763
003 - CONTROL NUMBER IDENTIFIER
control field UPRA
005 - DATE AND TIME OF LATEST TRANSACTION
control field 20190830110137.0
008 - FIXED-LENGTH DATA ELEMENTS--GENERAL INFORMATION
fixed length control field 950823s1960 enk eng u
035 ## - SYSTEM CONTROL NUMBER
System control number (Sirsi) r112689
035 ## - SYSTEM CONTROL NUMBER
System control number (UPRA)tmp15471763
040 ## - CATALOGING SOURCE
Transcribing agency UPRA
100 1# - MAIN ENTRY--PERSONAL NAME
Personal name Setalvad, Motilal Chimanlal.
Linkage A41430.1
245 14 - TITLE STATEMENT
Title The common law in India.
260 ## - PUBLICATION, DISTRIBUTION, ETC.
Place of publication, distribution, etc. London :
Name of publisher, distributor, etc. Stevens,
Date of publication, distribution, etc. 1960.
440 #0 - SERIES STATEMENT/ADDED ENTRY--TITLE
Title Hamlyn lectures. 12th series
Number of part/section of a work Hamlyn lectures. 12th series
Linkage S11715.1
650 #0 - SUBJECT ADDED ENTRY--TOPICAL TERM
Topical term or geographic name entry element Common law -- India.
Geographic subdivision Common law -- India.
Linkage S55337.1
949 ## - LOCAL PROCESSING INFORMATION (OCLC)
a KF2891
w lcc
i 33729001740880
m MAIN
p 2500
t BOOK
l ON-SHELF

No items available.

© 2026 - The University of Zambia Library - Koha v25.11